000 00585nam a2200205Ia 4500
003 OSt
005 20220925222921.0
006 a|||||r|||| 00| 0
007 ta
008 220923b |||||||| |||| 00| 0 eng d
037 _cGeneral Book
040 _aRTL
_cRTL
_beng
041 _2eng
_aeng
082 _aXxK56, A.1-A.5
100 _aD'Avenant Charles
_9288548
245 0 _aPolitical and commercial works relating to the tra
260 _aLondon
_bR Horsfield
_c1771
942 _hXxK56, A.1-A.5
_cGB
_2CC
999 _c578128
_d578128